I pick me (Record no. 76622)

MARC details
000 -LEADER
fixed length control field 01141cab a2200217 4500
001 - CONTROL NUMBER
control field ##L132774
008 - FIXED-LENGTH DATA ELEMENTS--GENERAL INFORMATION
fixed length control field 060308n2006 000 0 eng u
035 ## - SYSTEM CONTROL NUMBER
System control number (Sirsi) u132774
041 0# - LANGUAGE CODE
Language code of text/sound track or separate title eng
100 1# - MAIN ENTRY--PERSONAL NAME
Personal name Elliott, Tim
245 00 - TITLE STATEMENT
Title I pick me
260 ## - PUBLICATION, DISTRIBUTION, ETC.
Date of publication, distribution, etc. 2006
490 #0 - SERIES STATEMENT
Series statement Building
Volume/sequential designation 271(8420) 3 March 2006, 59(1)
520 ## - SUMMARY, ETC.
Summary, etc. Gives the facts of, and comments upon, "Scheldebouw BV v St James Homes (Grosvenor Dock) Ltd" ([2006] EWHC 89 TCC, unreported), where the question to be decided was whether the defendant could dismiss its construction manager midway through a project and assume the role itself. After reviewing the role of the construction manager and previous case law, the court held that whilst the defendant had the power to dismiss and replace a contract manager, it could not appoint itself to this role.
590 ## - LOCAL NOTE (RLIN)
Local note IKA140306
650 24 - SUBJECT ADDED ENTRY--TOPICAL TERM
Topical term or geographic name entry element SCHELDEBOUW BV V ST JAMES HOMES (GROSVENOR DOCK) LTD
650 24 - SUBJECT ADDED ENTRY--TOPICAL TERM
Topical term or geographic name entry element AMEC CIVIL ENGINEERING LTD V SOS TRANSPORT
650 24 - SUBJECT ADDED ENTRY--TOPICAL TERM
Topical term or geographic name entry element COSTAIN LTD AND OTHERS V BECHTEL LTD
690 ## - LOCAL SUBJECT ADDED ENTRY--TOPICAL TERM (OCLC, RLIN)
Topical term or geographic name as entry element BUILT ENVIRONMENT-CONSTRUCTION MANAGEMENT-BUILDING CONTRACT ADMINISTRATION
942 ## - ADDED ENTRY ELEMENTS (KOHA)
Suppress in OPAC 0
Holdings
Withdrawn status Lost status Source of classification or shelving scheme Damaged status Not for loan Home library Current library Shelving location Date acquired Total Checkouts Full call number Barcode Date last seen Copy number Price effective from Koha item type
    Dewey Decimal Classification     London London Journal article 08/03/2006   L132774 132774-1001 06/08/2019 1 06/08/2019 Journal article